000 01359nam a2200217Ia 4500
003 Ost
005 20260416102401.0
008 260416s9999||||xx |||||||||||||| ||und||
040 _cfsecg
041 _aara
082 _a301
100 _aبوهنتالة،فهيمة
_eمؤلف
245 0 _aمحاضرات في مقياس مدخل إلى علم الاجتماع :
_bموجهة لطلبة السنة الأولى L MD (جذع مشترك):كلية العلوم الاقتصادية والعلوم التجارية وعلوم التسيير /
_cفهيمة بوهنتالة
260 _aالجزائر
_bجامعة الجزائر3: كلية العلوم الإقتصادية، العلوم التجارية وعلوم التسيير
_c2023
300 _a123 ورقة
_bايضاحات
_c12 سم
504 _aالمراجع ص.123
520 _aمدخل مفاهيمي لعلم الاجتماع،النشأة والتطور،نظريات علم الاجتماع،رواد علم الاجتماع،علاقة علم الإجتماع بالعلوم الأخرى وأهم فروعه،بعض المفاهيم في علم الاجتماع.
653 _aعلم الاجتماع
710 _aجامعة الجزائر3: كلية العلوم الإقتصادية، العلوم التجارية وعلوم التسيير
_eناشر علمي
942 _cHANDOUT
999 _c41409
_d41409